All Minecraft Furnace Fuels - Statistics

General Stats
  • This quiz has been taken 102 times
    61 since last reset
  • The average score is 22 of 61
Answer Stats
Answer Items smelting % Correct
Coal 8
100%
Overworld Wood 1.5
98%
Lava Bucket 100
91%
Charcoal 8
85%
Overworld Planks 1.5
80%
Stick 0.5
78%
Block of Coal 80
74%
Overworld Log 1.5
70%
Wooden Tools 1
70%
Dried Kelp Block 20
67%
Blaze Rod 12
61%
Overworld Wooden Slab 0.75 (JE)/1.5 (BE)
52%
Overworld Wooden Door 1
50%
Overworld Wooden Fence 1.5
50%
Overworld Wooden Stairs 1.5
50%
Sapling 0.5
50%
Bamboo 0.25
48%
Chest 1.5
48%
Crafting Table 1.5
43%
Overworld Wooden Trapdoor 1.5
43%
Wool 0.5 (JE only)
43%
Boat 6
41%
Overworld Fence Gate 1.5
39%
Barrel 1.5
35%
Bow 1.5 (JE)/1 (BE)
35%
Overworld Wooden Button 0.5
33%
Overworld Wooden Pressure Plate 1.5
33%
Ladder 1.5 (JE only)
28%
Overworld Sign 1
28%
Trapped Chest 1.5
28%
Bowl 0.5 (JE)/1 (BE)
26%
Carpet 0.335 (JE only)
26%
Lectern 1.5
26%
Smithing Table 1.5
26%
Composter 1.5
24%
Fishing Rod 1.5
24%
Loom 1.5
24%
Overworld Stripped Log 1.5
24%
Overworld Stripped Wood 1.5
24%
Banner 1.5
22%
Bookshelf 1.5
22%
Cartography Table 1.5
22%
Crossbow 1.5 (JE)/1 (BE)
20%
Boat with Chest 6
17%
Dead Bush 0.5
17%
Scaffolding 0.25
17%
Block of Bamboo 1.5 (JE only)
15%
Beehive 1.5 (BE only)
13%
Chiseled Bookshelf 1.5
13%
Jukebox 1.5
13%
Mangrove Roots 1.5 (JE only)
13%
Note Block 1.5
13%
Bamboo Mosaic 1.5
11%
Bee Nest 1.5 (BE only)
11%
Block of Stripped Bamboo 1.5 (JE only)
9%
Daylight Detector 1.5
9%
Overworld Hanging Sign 1
9%
Bamboo Mosaic Slab 0.75 (JE)/1.5 (BE)
7%
Bamboo Mosaic Stairs 2.5
7%
Mushroom Block 1.5
7%
Mushroom Stem 1.5
7%
No matching quizzes found
Score Distribution
Percent of People with Each Score
Percentile by Number Answered
Your Score History
You have not taken this quiz since the last reset